书目信息 |
| 题名: |
电子学
|
|
| 作者: | 高特林 , Gottling 著 ;王远主 译 | |
| 分册: | ||
| 出版信息: | 北京 高等教育出版社 1988.9 |
|
| 页数: | 396页 | |
| 开本: | 26cm | |
| 丛书名: | ||
| 单 册: | ||
| 中图分类: | TN710.2 | |
| 科图分类: | ||
| 主题词: | 电子电路 | |
| 电子资源: | ||
| ISBN: | 7-04-000481-X | |
| 000 | 00817nam0 2200265 45 | |
| 001 | 0189029435 | |
| 005 | 20040908144042.1 | |
| 010 | @a7-04-000481-X@dCNY8.05 | |
| 020 | @aCN@b89029435 | |
| 100 | @a19911017d1988 m y0chiy0120 ea | |
| 101 | 1 | @achi@ceng |
| 102 | @aCN@b110000 | |
| 105 | @ay z 000yy | |
| 106 | @ar | |
| 200 | 10 | @a电子学@Adian zi xue@e模型、分析与系统@Emo xing 、 fen xi yu xi tong@f(美)高特林(Gottling,J.G.)著@F( mei ) gao te lin (Gottling,J.G.) zhu@g王远主译 |
| 210 | @a北京@c高等教育出版社@d1988.9 | |
| 215 | @a396页@d26cm | |
| 540 | 1 | @a电子学@Adian zi xue |
| 606 | 0 | @a电子电路 |
| 690 | @aTN710.2 | |
| 701 | 1 | @a高特林@Agao te lin@bJ.G.@4著 |
| 701 | A1 | @aGottling@bJ.G.@4著 |
| 702 | 0 | @a王远主@Awang yuan zhu@4译 |
| 801 | 0 | @aCN@bNLC@c19911017 |
| 905 | @f1@b216833@dTN710.2@e121 | |
| 电子学:模型、分析与系统/(美)高特林(Gottling,J.G.)著/王远主译.-北京:高等教育出版社,1988.9 |
| 396页;26cm |
| ISBN 7-04-000481-X:CNY8.05 |
| ● |
| 相关链接 |
|
|
|
|
正题名:电子学
索取号:TN710.2/121
 
预约/预借
| 序号 | 登录号 | 条形码 | 馆藏地/架位号 | 状态 | 备注 |
| 1 | 0216833 | 001950204 | 第三借阅区/ [索取号:TN710.2/121] | 在馆 | |
| 2 | 0216834 | 001320751 | 第二样本阅览室/ [索取号:TN710.2/121] | 在馆 |